What a husband! / (Record no. 36812)

MARC details
000 -LEADER
fixed length control field 00687nam a2200205 i 4500
001 - CONTROL NUMBER
control field 2687827
005 - DATE AND TIME OF LATEST TRANSACTION
control field 19760913000000.0
008 - FIXED-LENGTH DATA ELEMENTS--GENERAL INFORMATION
fixed length control field 760826t19741973ke 000 1 eng
010 ## - LIBRARY OF CONGRESS CONTROL NUMBER
LC control number 74980147
020 ## - INTERNATIONAL STANDARD BOOK NUMBER
International Standard Book Number 0582608996
040 ## - CATALOGING SOURCE
Original cataloging agency DLC
Transcribing agency DLC
Modifying agency DLC
050 00 - LIBRARY OF CONGRESS CALL NUMBER
Classification number PZ4
Item number .R93 1973
100 1# - MAIN ENTRY--PERSONAL NAME
Personal name Ruheni, Mwangi.
245 10 - TITLE STATEMENT
Title What a husband! /
Statement of responsibility, etc Mwangi Ruheni.
260 ## - PUBLICATION, DISTRIBUTION, ETC. (IMPRINT)
Place of publication, distribution, etc Nairobi :
Name of publisher, distributor, etc Longman,
Date of publication, distribution, etc c1973.
300 ## - PHYSICAL DESCRIPTION
Extent 207 p. ;
Dimensions 20 cm.
906 ## - LOCAL DATA ELEMENT F, LDF (RLIN)
a 7
b cbc
c orignew
d u
e ncip
f 19
g y-gencatlg
942 ## - ADDED ENTRY ELEMENTS (KOHA)
Source of classification or shelving scheme Library of Congress Classification
Item type Book
Holdings
Withdrawn status Lost status Source of classification or shelving scheme Damaged status Not for loan Collection code Home library Current library Shelving location Date acquired Source of acquisition Total Checkouts Total Renewals Full call number Barcode Date last borrowed Copy number Price effective from Koha item type
    Library of Congress Classification     Non-fiction Bishop Okullu Memorial Library (Limuru Campus) Bishop Okullu Memorial Library (Limuru Campus) Special Collection 27/05/2010 Purchase 2 1 SPE PZ4 .R93 1973 019366 02/07/2010 1 27/05/2010 Book